00321nam a2200121Ia 4500003000400000005001700004008004100021040001600062082002000078245004500098260004000143300001600183GCL20240530102340.0140319s9999 xx 000 0 ara d aGCL / cGCL04a071.9bق/ق ت10aتاريخ الصحافة العربية a[S.N] : bدار صادر ، c1913 a336\ 544 ص